MARC details
| 000 -LEADER |
| fixed length control field |
01107nam a2200325Ia 4500 |
| 003 - CONTROL NUMBER IDENTIFIER |
| control field |
TR-AnTOB |
| 005 - DATE AND TIME OF LATEST TRANSACTION |
| control field |
20190322123634.0 |
| 008 - FIXED-LENGTH DATA ELEMENTS--GENERAL INFORMATION |
| fixed length control field |
070709s2005 ws b 000 0 eng d |
| 040 ## - CATALOGING SOURCE |
| Original cataloging agency |
TR-AnTOB |
| Language of cataloging |
eng |
| Transcribing agency |
TR-AnTOB |
| Modifying agency |
TR-AnTOB |
| Description conventions |
rda |
| 041 ## - LANGUAGE CODE |
| Language code of text/sound track or separate title |
İngilizce |
| 050 00 - LIBRARY OF CONGRESS CALL NUMBER |
| Classification number |
JZ4841 |
| Item number |
.W67 2007-2009 |
| 090 ## - LOCALLY ASSIGNED LC-TYPE CALL NUMBER (OCLC); LOCAL CALL NUMBER (RLIN) |
| Classification number (OCLC) (R) ; Classification number, CALL (RLIN) (NR) |
JZ4841 |
| Local cutter number (OCLC) ; Book number/undivided call number, CALL (RLIN) |
.W67 2007-2009 |
| 110 2# - MAIN ENTRY--CORPORATE NAME |
| Corporate name or jurisdiction name as entry element |
World Bank. |
| 245 10 - TITLE STATEMENT |
| Title |
World Bank Civil Society organizations / |
| Statement of responsibility, etc. |
World Bank. |
| 264 ## - PRODUCTION, PUBLICATION, DISTRIBUTION, MANUFACTURE, AND COPYRIGHT NOTICE |
| Place of production, publication, distribution, manufacture |
Washington: |
| Name of producer, publisher, distributor, manufacturer |
World Bank, |
| Date of production, publication, distribution, manufacture, or copyright notice |
2005. |
| 300 ## - PHYSICAL DESCRIPTION |
| Extent |
xii, 61 pages; |
| Dimensions |
28 cm. |
| 336 ## - CONTENT TYPE |
| Source |
rdacontent |
| Content type term |
text |
| 337 ## - MEDIA TYPE |
| Source |
rdamedia |
| Media type term |
unmediated |
| 338 ## - CARRIER TYPE |
| Source |
rdacarrier |
| Carrier type term |
volume |
| 504 ## - BIBLIOGRAPHY, ETC. NOTE |
| Bibliography, etc. note |
|
| 590 ## - LOCAL NOTE (RLIN) |
| Local note |
Donated by Dünya Bankası/TEPAV. |
| 650 #0 - SUBJECT ADDED ENTRY--TOPICAL TERM |
| Topical term or geographic name entry element |
Non-govermental organizations. |
| 710 2# - ADDED ENTRY--CORPORATE NAME |
| Corporate name or jurisdiction name as entry element |
Civil Society Team. |
|
| Corporate name or jurisdiction name as entry element |
External Affairs Communications and United Nations Affairs. |
|
| Corporate name or jurisdiction name as entry element |
Enviromentally and Socially Sustainable Development Network. |
|
| Corporate name or jurisdiction name as entry element |
Operations Policy and Country Services Network. |
| 730 02 - ADDED ENTRY--UNIFORM TITLE |
| Uniform title |
ERI Collection. |
| 942 ## - ADDED ENTRY ELEMENTS (KOHA) |
| Source of classification or shelving scheme |
Library of Congress Classification |
| Koha item type |
Book |